000 00520nam a22001697a 4500
008 151006b xxu||||| |||| 00| 0 eng d
020 _a3800941147
041 0 _ager
080 _a004.89
245 0 0 _aWissensbasierte Systeme in der Praxis:
_cKlaus Winkelmann.
260 _aBerlin und Munchen:
_bHerausgeber und verlag;
_c1991.
300 _a211 f.:
_bme il.;
_c24 cm.
650 0 _aSistemet
650 0 _aNjohuri bazë
650 0 _aPraktikë
942 _2udc
_cBK
999 _c1229
_d1229